Ingrédients du Cake au citron - Statistiques

Statistiques générales
  • Ce quiz a été pris 107 fois
  • Le résultat moyen est 5 sur 6
Statistiques - réponses
Ingrédients % Correct
Citron
100%
Farine
99%
Sucre
95%
Levure
91%
Oeufs
86%
Beurre
71%
Aucun quiz correspondant
Distribution des résultats
% des personnes avec chaque résultat
Percentile par nombre de réponses
Votre historique - résultats
Vous n’avez pas pris ce quiz